| 000 | nkm a22 a 4500 | ||
|---|---|---|---|
| 999 |
_c375750 _d375750 |
||
| 003 | BLK | ||
| 005 | 20200831151157.0 | ||
| 008 | 200717b bu ||||| |||| 00| 0 bu d | ||
| 040 | _aBLK | ||
| 041 |
_aRUS _cRUS |
||
| 080 |
_aАрхитектура _b72 _z72 |
||
| 139 | _aПушкин | ||
| 245 |
_aПушкин _bПригороды Ленинград : Альбом |
||
| 260 |
_9212314 _aЛенинград _bЛениздат _c1972 _n5-289- |
||
| 300 |
_a166 с. _c17 см |
||
| 380 | _a7 | ||
| 650 | 7 |
_9147632 _aАрхитектура - Русия |
|
| 852 |
_bЦб _aЦб І 38943 |
||
| 942 |
_cGRA _n0 _s1 |
||
| 944 |
_c2020-07-17 _kВк |
||
| 944 |
_c2020-08-31 _kК.Д. |
||
| 999 | _d375750 | ||